Quiz par thème à la manière de Questions pour un champion - Statistiques

Statistiques générales
  • Ce quiz a été pris 49 fois
  • Le résultat moyen est 21 sur 64
Statistiques - réponses
Difficulté Les comédies musicales au cinéma Réponse % Correct
1 Quelle fleuve d'Europe sert de frontière entre l'Allemagne et la France ? Rhin
82%
1 Quelle chanteuse américaine a sortie un album principalement étiqueté comme un album de country avec notamment le tube "Texas Hold 'Em" ? Beyoncé
69%
2 Quel rappeur, ancien membre du groupe Sexion d'assaut interprète le titre "Spider" avec le chanteur et producteur Dystinct ? Gims
69%
1 Quel rappeur marseillais a sorti 3 albums en 2024 avec des chansons comme "Un jour, je l'aurai" ou "Oh qu'elle est belle" ? Jul
67%
2 En 2008, quelle comédie musicale avec Meryl Streep s'inspire des chansons du groupe suédois ABBA ? Mamma Mia!
67%
1 Dans le film d'animation "Blanche-Neige" des studios Disney, quel nain doit son nom à sa mauvaise humeur ? Grincheux
64%
3 Quel gagnant de la Star Academy 2023 réalise une performance avec son single "Ceux qu'on était" qui devient numéro 1 des ventes en moins de 24h ? Pierre Garnier
64%
1 Quel nageur quadruple champion olympique à Paris en 2024 a été aussi triple champion du monde à Fukuoka en 2023 ? Léon Marchand
62%
1 En 1967, dans quelle comédie musicale de Jacques Demy, entends on la Chanson des jumelles ? Les Demoiselles de Rochefort
62%
2 Quel fleuve traversant ou longeant 9 états avant de rejoindre la mer Noire par un delta, marque la frontière entre la Bulgarie et la Roumanie ? Danube
59%
1 En 1964, dans quel film musical de Robert Stevenson, Julie Andrews incarne t'elle une gouvernante magicienne ? Mary Poppins
56%
1 Dans la Bible, quel roi d'Israël célèbre pour avoir vaincu Goliath est le père de Salomon ? David
54%
1 Selon la Bible, quel prophète a fait sortir les Hébreux d'Égypte et les a guidés durant 40 ans dans le désert ? Moïse
54%
4 Quel chanteur américain a gagné le prix NRJ de la meilleure chanson internationale de l'année avec son titre "Beautiful Things" ? Benson Boone
51%
2 Quelle chanteuse américaine ayant sortie son album "Hit Me Hard and Soft" en 2024 a obtenue la première place des classements hebdomadaires avec des chansons comme "Lunch" ou "Birds of a Feather" ? Billie Eilish
49%
2 En 2001, quelle comédie musicale de Baz Luhrmann avec Nicole Kidman se déroule dans le quartier de Montmartre, à Paris ? Moulin Rouge
49%
3 Quel tube de la chanteuse Santa a donné le titre de son premier album studio et a également été l'hymne de la Star Academy 2024 ? Recommence-moi
49%
1 Quelle expression familière évoquant un type de potage qualifie une personne coléreuse ? Soupe au lait
49%
2 Quel anglicisme synonyme de bourdon ou de cafard est repris par Baudelaire dans son recueil "Les Fleurs du Mal" ? Spleen
46%
1 En 1948, quel boxeur français surnommé le bombardier marocain devient champion du monde de poids moyen ? Marcel Cerdan
44%
1 En 1948, quel programme d'aide économique à l'Europe est lancé par l'initiative d'un général américain ? Plan Marshall
44%
1 Quel fleuve, né dans les Rocheuses, sert de frontière naturelle entre les États-Unis et le Mexique ? Río Grande
44%
2 Quel chat originaire d'Amérique du Nord porte un nom du à sa patrie d'origine dans l'Etat du Maine aux Etats-Unis ? Maine coon
41%
4 Quelle chanteuse française figure dans la chanson virale "Alibi", aux côtés de la chanteuse irano-néerlandaise Sevdaliza et du chanteur brésilien Pabllo Vittar ? Yseult
41%
2 En 2017, quel athlète devient le premier français sacré champion du monde de décathlon ? Kévin Mayer
38%
2 Quel terme synonyme de ressentiment désigne le souvenir tenace que l'on garde d'une offense ou d'un préjudice ? Rancœur
38%
1 En 1958, quelle procédure électorale permet aux Français d'adopter la constitution de la Cinquième République ? Référendum
38%
3 Quel fleuve d'Afrique né dans le Fouta-Djalon sépare la Mauritanie de l'Etat qui porte son nom ? Sénégal
38%
1 Quel chat à poils gris cendrés porte un nom identique à celui désignant un religieux de l'Ordre contemplatif de Saint-Bruno ? Chartreux
36%
4 Quel skieur alpin né en 1943 a été triple champion olympique de ski alpin à Grenoble en 1968 ? Jean-Claude Killy
36%
2 Avant de se jeter dans la mer Morte, quel fleuve du Proche-Orient de 360km de long sépare notamment Israël et la Syrie ? Jourdain
36%
1 Quelle race de chat dont les individus présentent des poils longs et soyeux doit son nom à l'ancienne appellation de la ville d'Ankara ? Angora
33%
3 Quelle actrice et chanteuse américaine, interprète le rôle de Coco Hernandez dans le film musical Fame de 1980, et chante également la célèbre chanson du même nom ? Irene Cara
33%
3 Quel fleuve d'Asie faisant 4900km de long né sur le plateau du Tibet oriental démarque la frontière entre le Laos et la Birmanie ? Mékong
33%
4 En 2023, quelle française remporte son sixième titre de championne du monde de judo dans la catégorie des moins de 63kg ? Clarisse Agbegnenou
31%
2 Selon la Bible, quel prophète a passé trois jours dans le ventre d'une baleine ? Jonas
28%
2 En 1953, quel homme politique est élu premier président de la Yougoslavie ? Josip Broz Tito
28%
3 Quel nom féminin désigne à la fois une mauvaise humeur se traduisant par des remarques désobligeantes ou fielleuses, et une sensation d'acidité au niveau de l'estomac ? Aigreur
26%
2 En novembre 1956, dans quelle ville d'Europe de l'Est, une insurrection a-t-elle été violemment réprimée par l'armée soviétique ? Budapest
23%
3 Quelle coureuse cycliste française polyvalente devient en 2014 la première Française championne du monde sur route depuis Jeannie Longo en 1995 ? Pauline Ferrand-Prévot
23%
3 En 1949, quel homme politique devient le premier chancelier de la République fédérale d'Allemagne ? Konrad Adenauer
21%
4 En 1947, quel homme politique français devient le premier président de la Quatrième République ? Vincent Auriol
21%
2 En 2003, au stade de France, quelle athlète française est sacrée championne du monde du saut en longueur ? Eunice Barber
18%
4 Quelle actrice et chanteuse américaine, née en 2001, incarne le rôle de María dans l'adaptation de West Side Story réalisée par Steven Spielberg en 2021 ? Rachel Zegler
18%
4 Quelle race de chat à tête triangulaire au pelage fauve doit son nom à celui donné autrefois au haut plateau du massif éthiopien ? Abyssin
15%
3 Quel film musical de William Wyler permit à Barbra Streisand de remporter l'Oscar de la meilleure actrice en 1969 ? Funny Girl
15%
3 Quel roi de Judée rencontre les Mages et leur demande de le prévenir une fois qu'ils auront trouvés l'enfant roi qui vient de naître ? Hérode
15%
2 Quel roi de Babylone a détruit Jérusalem et son temple et en a exilé sa population ? Nabuchodonosor
15%
4 Dans son cours inférieur, quel fleuve de l'Europe balkanique né en Bulgarie, sépare la Grèce et la Turquie ? Maritsa
13%
4 Selon une légende, quelle race de chat aurait été créée par la déesse Tsun-Kyan-Kse pour récompenser la fidélité d’un chat de temple, lui offrant un pelage doré et des yeux bleu saphir ? Sacré de Birmanie
13%
4 Selon la Bible, quel prophète a été enlevé au ciel sur un char de feu ? Élie
10%
3 De quelle race de chat au corps allongé et aux pattes courtes, le nom fait-il référence à un peuple de petite taille rencontré par l’héroïne dans le film Le Magicien d’Oz ? Munchkin
10%
3 Quel prophète a été jeté dans une fosse aux lions et en est ressorti miraculeusement vivant ? Daniel
8%
4 Quelle actrice américaine arrive au sommet de sa carrière comique avec le rôle de Dorothy Shaw dans "Les hommes préfèrent les blondes" de 1953 ? Jane Russell
8%
3 Quelle île de la mer d'Irlande a donné son nom à une race de chat dépourvue de queue ? Manx
8%
3 En 1966, quel cavalier devient le premier français champion du monde de saut d'obstacle ? Pierre Jonquères d'Oriola
8%
3 Quel terme désigne à la fois une envie irrépressible, surprenante et fantaisiste qui peut passer pour un caprice, et est également un film américain réalisé par Alfred Hitchcock, sorti en 1958 ? Vertigo
8%
4 Sous quel acronyme anglais connaît-on l'organisation de coopération économique créée à Moscou en 1949 autour de l'URSS ? Comecon
5%
4 Quel fleuve africain mesurant 1600km prends sa source en Afrique du Sud pour former une frontière naturelle avec le Zimbabwe ? Limpopo
5%
2 Quel chat dont le nom évoque un titre donné autrefois au haut fonctionnaire de l'empire chinois, également appelé oriental à poil long ? Mandarin
5%
3 En 1948, quel juriste français fait adopter la Déclaration universelle des droits de l'homme ? René Cassin
5%
4 Quel adjectif synonyme de désagréable ou de hargneux trouverait son origine dans le nom de l'évêque Achaire de Noyon qui passait pour guérir la folie ? Acariâtre
3%
4 À quel roi le prophète Élie prédit-il une sécheresse épouvantable ? Achab
3%
4 Quel adjectif littéraire issu du latin signifiant bile noire qualifie une personne facilement irritable ? Atrabilaire
3%
Aucun quiz correspondant
Distribution des résultats
% des personnes avec chaque résultat
Percentile par nombre de réponses
Votre historique - résultats
Vous n’avez pas pris ce quiz